| 000 | 00635nam a22001817a 4500 | ||
|---|---|---|---|
| 003 | NUST | ||
| 005 | 20260316121617.0 | ||
| 008 | 260316b ||||| |||| 00| 0 eng d | ||
| 020 | _a978-0471106784 | ||
| 082 |
_a515 _bBAR |
||
| 100 |
_a Howard Anton, William H. Barker, James E. Ward. _9133739 |
||
| 245 |
_aThe Calculus Companion to Accompany Calculus With Analytic Geometry / _b To Accompany Calculus With Analytic Geometry / _c Howard Anton, William H. Barker, James E. Ward. |
||
| 250 | _a5th Edition | ||
| 260 |
_aUSA: _bJohn Wiley & Sons Inc. _c1995. |
||
| 300 |
_a768 p ; _c34.00 cm |
||
| 563 | _aPaperback | ||
| 942 |
_2ddc _cBK |
||
| 999 |
_c616697 _d616697 |
||